000 00594nam a22002057a 4500
005 20140312101419.0
008 140312b xxu||||| |||| 00| 0 eng d
020 _a9780495112075
080 _a519.25
100 _aUtts M, Jessica
245 _aMind on Statistics
_cJessica M. Utts, Robert F. Heckard;
250 _a3 st.ed.;
260 _aAustralia,
_bThomson,
_c2007,
300 _a770 f.:
_bme il.;
_c26 cm,
500 _aPërfshin indeksin f. 753-770
650 _aStatistikë,
650 _aPërpunimi i të dhënave statistikore,
700 _aHeckard F, Roberts ,
942 _2udc
_cBK
999 _c420
_d420